000 00282nam a2200097Ia 4500
005 20251222114344.0
008 251222s1900||||xx |||||||||||||| ||spa||
082 _aDVD0126/B12/Ej.2
245 0 _aConcerto per un amico: Claudio Chieffo:Concierto para un amigo: Claudio Chieffo
942 _cDVD
999 _c969
_d969